| 000 | 00693aam a2200229 4500 | ||
|---|---|---|---|
| 005 | 20161018102528.0 | ||
| 008 | 150320b xxu||||| |||| 00| 0 spa d | ||
| 041 | _aspa | ||
| 082 | _a1.1.8 C335c | ||
| 100 |
_aCasanueva López, Herminia _927272 |
||
| 245 | _aLa cocina tradicional costarricense: el manejo de los alimentos | ||
| 260 |
_aCosta Rica _bCosta Rica _c2007 |
||
| 300 | _a197 páginas | ||
| 650 |
_aCOSTA RICA _927294 |
||
| 650 |
_aCOCINA COSTARRICENSE _93115 |
||
| 650 |
_aMANEJO DE ALIMENTOS _926150 |
||
| 650 |
_aCONSERVACION DE ALIMENTOS _910607 |
||
| 650 |
_aPRACTICAS CULINARIAS _927274 |
||
| 650 |
_aCONTROL DE ALIMENTOS _927275 |
||
| 650 |
_aHISTORIA _943 |
||
| 942 | _cBK | ||
| 999 |
_c4069 _d4069 |
||